Sociología de las profesiones / (Record no. 59278)

MARC details
000 -LEADER
campo de control de longitud fija 00657nam a2200193 i 4500
001 - NÚMERO DE CONTROL
campo de control 59278
003 - IDENTIFICADOR DE NÚMERO DE CONTROL
campo de control ES-MaACL
007 - CAMPO FIJO DE DESCRIPCIÓN FÍSICA--INFORMACIÓN GENERAL
campo de control de longitud fija t|
008 - DATOS DE LONGITUD FIJA--INFORMACIÓN GENERAL
campo de control de longitud fija 031028s1985 sp ||||1| spa d
100 1# - ENTRADA PRINCIPAL--NOMBRE DE PERSONA
Nombre de persona Elliott, Philip.
9 (RLIN) 47043
245 10 - MENCIÓN DEL TÍTULO
Título Sociología de las profesiones /
Mención de responsabilidad, etc. Philip Elliott ; [traducción por Esther Seivane Vázquez].
260 ## - PUBLICACIÓN, DISTRIBUCIÓN, ETC.
Lugar de publicación, distribución, etc. Madrid :
Nombre del editor, distribuidor, etc. Tecnos,
Fecha de publicación, distribución, etc. [1975]
300 ## - DESCRIPCIÓN FÍSICA
Extensión 166 p. ;
Dimensiones 24 cm.
490 1# - MENCIÓN DE SERIE
Mención de serie Colección de ciencias sociales. Serie sociología
700 1# - ENTRADA AGREGADA--NOMBRE PERSONAL
Nombre de persona Seivane Vázquez, Esther.
9 (RLIN) 105276
830 00 - PUNTO DE ACCESO ADICIONAL DE SERIE-TÍTULO UNIFORME
Título uniforme Colección de ciencias sociales (Tecnos)
9 (RLIN) 182672
852 ## - LOCALIZACIÓN
Ubicación ES-MaACL
Número de control de estantería E-7011
Sublocalización o colección R.91308
Holdings
Estatus retirado Estado de pérdida Estado de daño No para préstamo Biblioteca de origen Biblioteca actual Ubicación en estantería Fecha de adquisición Fuente de adquisición Total de préstamos Signatura topográfica completa Código de barras Visto por última vez Precio de reemplazo Tipo de ítem Koha
        Biblioteca del Ateneo de Madrid Biblioteca del Ateneo de Madrid Depósito 2 17/01/2008     E-7011 1062180 23/02/2023 23/02/2023 Libro impreso